| 000 | 00921nam a2200265 a 4500 | ||
|---|---|---|---|
| 001 | 704628 | ||
| 003 | OSt | ||
| 005 | 20170518104316.0 | ||
| 008 | 961231s1997 nyua f 000 0 eng | ||
| 010 | _a 96233488 | ||
| 020 | _a047109675X | ||
| 040 |
_aMMU _cMMU _beng _dMMU |
||
| 050 | 0 | 0 | _aQC61.C55 1997 |
| 082 | 0 | 0 |
_a530 _221 |
| 100 | 1 | _aChristman, J. Richard. | |
| 245 | 1 | 0 |
_aA student's pocket companion to accompany Fundamentals of physics, 5th edition, David Halliday, Robert Resnick, Jearl Walker / _cJ. Richard Christman. |
| 260 |
_aNew York : _bWiley, _cc1997. |
||
| 300 |
_avi, 362 p. : _bill. ; _c18 cm. |
||
| 500 | _aIncludes indexes. | ||
| 650 | 0 |
_aPhysics _xHandbooks, manuals, etc. |
|
| 700 | 1 |
_aHalliday, David, _d1916- _tFundamentals of physics. |
|
| 906 |
_a7 _bcbc _corignew _d2 _encip _f19 _gy-gencatlg |
||
| 942 |
_2lcc _cLOAN LOAN |
||
| 999 |
_c26833 _d26833 |
||